[Event "Quebec op"]
[Site "Montreal CAN"]
[Date "2001.07.25"]
[Round "6"]
[White "Trottier, Julie"]
[Black "Tessier, Olivier"]
[Result "0-1"]
[WhiteElo "1967"]
[BlackElo "2060"]
[PlyCount "49"]
[GameId "2160767911555544"]
[EventDate "2001.07.21"]
[EventType "swiss"]
[EventRounds "9"]
[EventCountry "CAN"]

1. Nf3 Nf6 2. g3 b6 3. Bg2 Bb7 4. O-O c5 5. c4 e6 6. Nc3 Be7 7. d4 cxd4 8. Nb5 O-O 9. Nbxd4 a6 10. Qb3 Qc7 11. Bh3 Nc6 12. Bf4 d6 13. Bxe6 Nxd4 14. Bxf7+ Rxf7 15. Nxd4 Qc5 16. Rfd1 d5 17. Ne6 Qc6 18. Nd4 Qxc4 19. Qf3 Ne4 20. b3 Qc8 21. Rac1 Qe8 22. Ne6 Bd6 23. Qg4 Bc8 24. Rxc8 Rxc8 25. Rxd5 0-1

[Event "Quebec op"]
[Site "Montreal CAN"]
[Date "2001.07.25"]
[Round "6"]
[White "Trottier, Yves"]
[Black "Sullivan, Neil"]
[Result "0-1"]
[WhiteElo "1967"]
[BlackElo "2138"]
[PlyCount "58"]
[GameId "2160767911555545"]
[EventDate "2001.07.21"]
[EventType "swiss"]
[EventRounds "9"]
[EventCountry "CAN"]

1. e4 c5 2. Nc3 Nc6 3. g3 g6 4. Bg2 Bg7 5. d3 Nf6 6. h3 O-O 7. Be3 b6 8. Nf3 Bb7 9. Qd2 d5 10. Nxd5 Nxd5 11. exd5 Qxd5 12. Nh4 Qe6 13. Qc1 c4 14. O-O cxd3 15. cxd3 Rac8 16. Qd2 Rfd8 17. Rfd1 Ba6 18. Bf1 Rd7 19. Rac1 Rcd8 20. Nf3 Bb7 21. Bg2 Qxa2 22. d4 Nxd4 23. Nxd4 Bxg2 24. Kxg2 Bxd4 25. Bh6 Qd5+ 26. Kh2 Qf3 27. Rc3 Bxc3 28. Qxd7 Qxf2+ 29. Kh1 Qf3+ 0-1

[Event "Quebec op"]
[Site "Montreal CAN"]
[Date "2001.07.25"]
[Round "6"]
[White "Vaingorten, Yaaqov"]
[Black "St Amand, Paul Jr"]
[Result "0-1"]
[WhiteElo "2194"]
[BlackElo "2208"]
[PlyCount "102"]
[GameId "2160767911555546"]
[EventDate "2001.07.21"]
[EventType "swiss"]
[EventRounds "9"]
[EventCountry "CAN"]
[SourceTitle "EXT 2002"]
[Source "ChessBase"]
[SourceDate "2001.11.25"]
[SourceVersion "1"]
[SourceVersionDate "2001.11.25"]
[SourceQuality "1"]

1. d4 Nf6 2. c4 e5 3. dxe5 Ng4 4. Bf4 Nc6 5. Nf3 Bb4+ 6. Nbd2 Qe7 7. e3 Ngxe5 8. Be2 Nxf3+ 9. Bxf3 Ne5 10. Be2 O-O 11. O-O Ng6 12. Bg3 Bd6 13. Bxd6 Qxd6 14. Nf3 Qe7 15. Qc2 d6 16. b4 b6 17. c5 dxc5 18. bxc5 Be6 19. Rfc1 Rfd8 20. a3 Bd5 21. Qa4 c6 22. Qc2 Be4 23. Qc3 Rd5 24. cxb6 axb6 25. Qb2 Rda5 26. Rc3 b5 27. Nd4 b4 28. Rb3 c5 29. Nc2 Qg5 30. Bf1 Bd5 31. Rd3 b3 32. Ne1 c4 33. Rd4 Rc5 34. Qc3 Rb8 35. Nd3 Rcc8 36. Nb4 Be6 37. f4 Qc5 38. g3 Qb6 39. Bg2 Ne7 40. Rc1 Nf5 41. Rd2 Nxe3 42. Kh1 Nxg2 43. Kxg2 Rd8 44. Re2 Rbc8 45. Qf3 f6 46. Rc3 Bf7 47. Rce3 Rc7 48. Kh3 Qb7 49. Qf1 c3 50. Qe1 Qc8+ 51. Kh4 c2 0-1

[Event "Quebec op"]
[Site "Montreal CAN"]
[Date "2001.07.26"]
[Round "7"]
[White "Audet-Bouchard, Nicolas"]
[Black "Gilman, Arkadiy"]
[Result "1/2-1/2"]
[WhiteElo "2069"]
[BlackElo "2115"]
[PlyCount "91"]
[GameId "2160767911555547"]
[EventDate "2001.07.21"]
[EventType "swiss"]
[EventRounds "9"]
[EventCountry "CAN"]

1. e4 e6 2. d4 d5 3. Nc3 Nf6 4. Bg5 Bb4 5. e5 h6 6. Bd2 Nfd7 7. Nce2 Bxd2+ 8. Qxd2 c5 9. c3 Nc6 10. Nf3 Qa5 11. a3 cxd4 12. cxd4 Qxd2+ 13. Nxd2 f6 14. f4 fxe5 15. fxe5 Nb6 16. Rc1 Bd7 17. h4 O-O 18. Rh3 Nc8 19. b4 a6 20. Nb3 b6 21. Rhc3 N8e7 22. g3 g5 23. Bh3 Rac8 24. hxg5 hxg5 25. Ng1 Kg7 26. Nf3 Kh6 27. Bg4 Kg6 28. Kf2 Kg7 29. Kg2 Kg6 30. Nbd2 Nf5 31. Bxf5+ Rxf5 32. Nf1 Rff8 33. Ne3 Na7 34. Ng4 Rxc3 35. Rxc3 Rc8 36. Rxc8 Nxc8 37. Nf6 Ba4 38. Kf2 Na7 39. Ke2 Nb5 40. Ne8 Nxa3 41. Nc7 Kf5 42. g4+ Kxg4 43. Nxe6 Nc2 44. Nexg5 Nxb4 45. Nf7 Bb5+ 46. Ke3 1/2-1/2

[Event "Quebec op"]
[Site "Montreal CAN"]
[Date "2001.07.26"]
[Round "7"]
[White "Beaulieu, Pierre"]
[Black "Belanger, Jacques"]
[Result "1-0"]
[WhiteElo "2059"]
[BlackElo "1989"]
[PlyCount "45"]
[GameId "2160767911555550"]
[EventDate "2001.07.21"]
[EventType "swiss"]
[EventRounds "9"]
[EventCountry "CAN"]

1. b3 e5 2. Bb2 d6 3. e3 Nf6 4. Be2 g6 5. Nf3 Nc6 6. d4 exd4 7. exd4 Bg7 8. O-O O-O 9. d5 Ne7 10. c4 c6 11. dxc6 bxc6 12. Nbd2 d5 13. Qc1 Bb7 14. Re1 Re8 15. Qc2 Qd6 16. Be5 Qd7 17. Rad1 Qf5 18. Bd3 Qh5 19. Qb2 d4 20. Bxd4 Ng4 21. Bxg7 Rad8 22. Nf1 c5 23. Ng3 1-0

[Event "Quebec op"]
[Site "Montreal CAN"]
[Date "2001.07.26"]
[Round "7"]
[White "Constantineau, Yvan"]
[Black "Bannon, Eric"]
[Result "0-1"]
[WhiteElo "2167"]
[BlackElo "2160"]
[PlyCount "104"]
[GameId "2160767911555552"]
[EventDate "2001.07.21"]
[EventType "swiss"]
[EventRounds "9"]
[EventCountry "CAN"]

1. d4 Nf6 2. c4 g6 3. Nc3 Bg7 4. e4 d6 5. Nf3 O-O 6. Be2 e5 7. O-O Nc6 8. d5 Ne7 9. Ne1 Nd7 10. f3 f5 11. g4 Kh8 12. Bg5 Bf6 13. Be3 Ng8 14. Qd2 f4 15. Bf2 Bh4 16. Ng2 Bxf2+ 17. Rxf2 a5 18. Na4 b6 19. Rff1 Ndf6 20. b3 Rf7 21. Nb2 Qf8 22. Qd3 g5 23. Nd1 h5 24. h3 Qh6 25. Nf2 Bd7 26. Kh2 Raf8 27. gxh5 Nxh5 28. Ng4 Bxg4 29. fxg4 Ng3 30. Rf3 Nxe4 31. Qxe4 Nf6 32. Qf5 e4 33. Rc3 f3 34. Bxf3 exf3 35. Qxf3 Nd7 36. Qe4 Ne5 37. Rh1 Rf2 38. Kg3 R8f3+ 39. Rxf3 Rxf3+ 40. Qxf3 Nxf3 41. Kxf3 Qf6+ 42. Ke2 Qb2+ 43. Kf3 Qxa2 44. h4 Qxb3+ 45. Ne3 gxh4 46. Rxh4+ Kg8 47. g5 a4 48. Re4 a3 49. Kf4 a2 50. Nf5 a1=Q 51. Re8+ Kf7 52. Re7+ Kf8 0-1

[Event "Quebec op"]
[Site "Montreal CAN"]
[Date "2001.07.26"]
[Round "7"]
[White "Gaspariants, Vladimir"]
[Black "Roy, Alain"]
[Result "1-0"]
[WhiteElo "2239"]
[BlackElo "2146"]
[PlyCount "81"]
[GameId "2160767911555555"]
[EventDate "2001.07.21"]
[EventType "swiss"]
[EventRounds "9"]
[EventCountry "CAN"]

1. Nf3 Nf6 2. g3 g6 3. Bg2 Bg7 4. O-O O-O 5. d3 d6 6. Nbd2 e5 7. c3 Nc6 8. Ne1 Be6 9. h3 Qd7 10. Kh2 a5 11. b3 Rab8 12. a3 Nd5 13. Bb2 f5 14. c4 Nf6 15. e3 f4 16. d4 fxg3+ 17. fxg3 exd4 18. exd4 Ne7 19. Bc3 d5 20. Nd3 b6 21. Ne5 Qd6 22. Re1 Nh5 23. b4 c5 24. dxc5 Qc7 25. cxb6 Rxb6 26. c5 Rbb8 27. Ndf3 axb4 28. axb4 Nc6 29. Ng5 Nxe5 30. Nxe6 Nf3+ 31. Qxf3 Rxf3 32. Nxc7 Rxc3 33. Nxd5 Rxg3 34. Rac1 Rf8 35. Rc2 Rg5 36. c6 Re5 37. Rce2 Rxe2 38. Rxe2 Nf4 39. Nxf4 Rxf4 40. c7 Rf8 41. Bb7 1-0

[Event "Quebec op"]
[Site "Montreal CAN"]
[Date "2001.07.26"]
[Round "7"]
[White "Hua, Lefong"]
[Black "Moisan-Plante, Marc-Olivier"]
[Result "1/2-1/2"]
[WhiteElo "2267"]
[BlackElo "2183"]
[PlyCount "100"]
[GameId "2160767911555556"]
[EventDate "2001.07.21"]
[EventType "swiss"]
[EventRounds "9"]
[EventCountry "CAN"]
[SourceTitle "EXT 2002"]
[Source "ChessBase"]
[SourceDate "2001.11.25"]
[SourceVersion "1"]
[SourceVersionDate "2001.11.25"]
[SourceQuality "1"]

1. c4 e5 2. a3 d6 3. Nc3 Be6 4. d3 g6 5. g3 Bg7 6. Bg2 c6 7. e4 Nh6 8. Nge2 Nd7 9. O-O O-O 10. h3 f5 11. Rb1 f4 12. f3 fxg3 13. Qe1 Nc5 14. Qxg3 Nxd3 15. Be3 Bxc4 16. b3 Ba6 17. Rfd1 Nf7 18. h4 Bf6 19. h5 g5 20. Rd2 Nf4 21. Rbd1 Qe7 22. Qh2 b6 23. Ng3 Bc8 24. Bf1 b5 25. b4 a5 26. h6 Be6 27. Nf5 Bxf5 28. exf5 axb4 29. axb4 Ra3 30. Rc2 e4 31. Bxf4 Bxc3 32. Bxd6 Nxd6 33. Qxd6 Qxd6 34. Rxd6 exf3 35. Rxc6 Bxb4 36. Bxb5 Rxf5 37. Rc8+ Kf7 38. Bf1 Rf6 39. R8c7+ Kg6 40. Rg7+ Kxh6 41. Rcc7 Rc3 42. Rxh7+ Kg6 43. Rxc3 Kxh7 44. Rc7+ Kh6 45. Bd3 Kh5 46. Kf2 g4 47. Be4 g3+ 48. Ke3 f2 49. Rh7+ Kg5 50. Rg7+ Kh5 1/2-1/2

[Event "Quebec op"]
[Site "Montreal CAN"]
[Date "2001.07.26"]
[Round "7"]
[White "Khaziyeva, Dinara"]
[Black "Gulko, Andrei"]
[Result "0-1"]
[WhiteElo "1880"]
[BlackElo "1978"]
[PlyCount "33"]
[GameId "2160767911555557"]
[EventDate "2001.07.21"]
[EventType "swiss"]
[EventRounds "9"]
[EventCountry "CAN"]

1. b3 e5 2. Bb2 d6 3. e3 Be7 4. c4 Nc6 5. f4 Bf6 6. Nc3 exf4 7. exf4 Qe7+ 8. Qe2 Bg4 9. Qxe7+ Ngxe7 10. Be2 Bxe2 11. Ngxe2 Nb4 12. Kd1 d5 13. a3 Nd3 14. Kc2 dxc4 15. bxc4 O-O-O 16. Rhd1 Nc6 17. g3 0-1

[Event "Quebec op"]
[Site "Montreal CAN"]
[Date "2001.07.26"]
[Round "7"]
[White "Lemieux, Serge"]
[Black "Robichaud, Louis"]
[Result "1-0"]
[WhiteElo "1503"]
[BlackElo "2169"]
[PlyCount "111"]
[GameId "2160767911555560"]
[EventDate "2001.07.21"]
[EventType "swiss"]
[EventRounds "9"]
[EventCountry "CAN"]

1. d4 Nf6 2. c4 g6 3. Nc3 Bg7 4. e4 d6 5. Nf3 O-O 6. Be2 e5 7. O-O Nc6 8. Be3 exd4 9. Nxd4 Re8 10. f3 Ne5 11. Rc1 c6 12. Bf2 Bh6 13. Rc2 Nh5 14. Kh1 a5 15. Qe1 Bg7 16. Rd2 Nf4 17. Bg3 Bh6 18. Rd1 Nd7 19. Nc2 Qf6 20. Ne3 Ne5 21. Ng4 Bxg4 22. fxg4 g5 23. Qd2 Rad8 24. h4 Neg6 25. Bxf4 gxf4 26. g5 Bxg5 27. hxg5 Qxg5 28. Rf3 Re6 29. Rdf1 Rde8 30. Rxf4 Nxf4 31. Qxf4 Rh6+ 32. Kg1 Qg7 33. Rf3 Rg6 34. Bf1 Re5 35. Ne2 Reg5 36. Rf2 h6 37. Qe3 Kh7 38. Nf4 Rf6 39. Nh3 Rgg6 40. Nf4 Rg3 41. Qd4 Rfg6 42. Qxg7+ Rxg7 43. Nh5 Re3 44. Nxg7 Kxg7 45. Re2 Rd3 46. e5 dxe5 47. Rxe5 Rd2 48. Re2 Rxe2 49. Bxe2 c5 50. a3 b6 51. Kf2 Kf6 52. Ke3 Ke5 53. g4 f5 54. gxf5 Kxf5 55. Bf3 Ke5 56. Bg4 1-0

[Event "Quebec op"]
[Site "Montreal CAN"]
[Date "2001.07.26"]
[Round "7"]
[White "Luksza, Arkadiusz"]
[Black "Poulin, Maurice"]
[Result "1-0"]
[WhiteElo "2241"]
[BlackElo "2086"]
[PlyCount "87"]
[GameId "2160767911555561"]
[EventDate "2001.07.21"]
[EventType "swiss"]
[EventRounds "9"]
[EventCountry "CAN"]

1. c4 g6 2. Nc3 Bg7 3. Nf3 d6 4. d4 Bg4 5. e3 Nc6 6. Be2 Nh6 7. h3 Bc8 8. d5 Nb8 9. e4 c5 10. Bd2 f6 11. Qc2 Nf7 12. O-O-O O-O 13. g4 Na6 14. Kb1 Nc7 15. Rdg1 Bd7 16. h4 a6 17. g5 f5 18. h5 Ne5 19. Nxe5 Bxe5 20. hxg6 hxg6 21. Rh6 Qe8 22. Nd1 Bg7 23. Rh2 e5 24. Ne3 f4 25. Ng4 Bxg4 26. Bxg4 b5 27. Ba5 Rf7 28. Rgh1 Ra7 29. Bxc7 Raxc7 30. Be6 Rce7 31. Bxf7+ Rxf7 32. Rh3 b4 33. Qe2 a5 34. Qg4 a4 35. Rh7 Qd7 36. Qf3 Kf8 37. Qg2 Ke7 38. Qh2 Kd8 39. Qg1 Kc7 40. Qd1 Kb6 41. Qf3 Kb7 42. Qh3 Qxh3 43. R1xh3 Kc7 44. R3h6 1-0

[Event "Quebec op"]
[Site "Montreal CAN"]
[Date "2001.07.26"]
[Round "7"]
[White "Masse, Hugues"]
[Black "Fortier, Marc-Andre"]
[Result "0-1"]
[WhiteElo "2144"]
[BlackElo "2073"]
[PlyCount "90"]
[GameId "2160767911555562"]
[EventDate "2001.07.21"]
[EventType "swiss"]
[EventRounds "9"]
[EventCountry "CAN"]

1. e4 c5 2. Nf3 d6 3. d4 cxd4 4. Nxd4 Nf6 5. Nc3 g6 6. Be3 Bg7 7. f3 O-O 8. Qd2 Nc6 9. g4 Be6 10. O-O-O Nxd4 11. Bxd4 Qa5 12. a3 Rfc8 13. h4 Rab8 14. h5 b5 15. hxg6 hxg6 16. Qg5 Bc4 17. Bxc4 Rxc4 18. Nd5 Qd8 19. Nxf6+ exf6 20. Qh4 b4 21. g5 Rxd4 22. Rxd4 fxg5 23. Qh7+ Kf8 24. Qh8+ Bxh8 25. Rxh8+ Ke7 26. Rxd8 Rxd8 27. Rxb4 f5 28. Kd2 d5 29. Rb7+ Kf6 30. exf5 gxf5 31. Rxa7 Ke5 32. a4 Kf4 33. a5 Kxf3 34. a6 g4 35. Rg7 g3 36. b4 Ra8 37. b5 g2 38. Ke1 f4 39. c3 Re8+ 40. Kd2 Re2+ 41. Kd3 Ra2 42. Kd4 Kf2 43. Kxd5 f3 44. Kc6 g1=Q 45. Rxg1 Kxg1 0-1

[Event "Quebec op"]
[Site "Montreal CAN"]
[Date "2001.07.26"]
[Round "7"]
[White "Ouellet-Leveille, Clement"]
[Black "Trottier, Julie"]
[Result "1-0"]
[WhiteElo "1868"]
[BlackElo "1967"]
[PlyCount "55"]
[GameId "2160767911555563"]
[EventDate "2001.07.21"]
[EventType "swiss"]
[EventRounds "9"]
[EventCountry "CAN"]

1. e4 d5 2. exd5 Qxd5 3. Nc3 Qa5 4. d4 Nf6 5. Nf3 Bg4 6. Be2 e6 7. O-O Nc6 8. Bb5 O-O-O 9. Bxc6 bxc6 10. h3 Bxf3 11. Qxf3 Rxd4 12. Qxc6 Qb6 13. Qa8+ Qb8 14. Qxb8+ Kxb8 15. Be3 Rd7 16. Rfd1 Bd6 17. Nb5 a6 18. Nxd6 cxd6 19. c4 Rc8 20. Rac1 a5 21. a4 Rc6 22. Bd2 Ra7 23. Bf4 Rd7 24. Rc3 Kb7 25. Rb3+ Ka6 26. Rb8 Rxc4 27. Be3 Nd5 28. Rxd5 1-0

[Event "Quebec op"]
[Site "Montreal CAN"]
[Date "2001.07.26"]
[Round "7"]
[White "Prahov, Valentin"]
[Black "Voskanyan, Vahagn"]
[Result "1/2-1/2"]
[WhiteElo "2224"]
[BlackElo "2317"]
[PlyCount "130"]
[GameId "2160767911555564"]
[EventDate "2001.07.21"]
[EventType "swiss"]
[EventRounds "9"]
[EventCountry "CAN"]
[SourceTitle "EXT 2002"]
[Source "ChessBase"]
[SourceDate "2001.11.25"]
[SourceVersion "1"]
[SourceVersionDate "2001.11.25"]
[SourceQuality "1"]

1. e4 c5 2. Nf3 e6 3. d4 cxd4 4. Nxd4 Nf6 5. Nc3 d6 6. Be3 a6 7. a4 b6 8. Bd3 Bb7 9. O-O Nbd7 10. f4 Qc7 11. Qf3 Nc5 12. Rae1 Be7 13. Kh1 g6 14. Bd2 d5 15. e5 Nfe4 16. Bxe4 Nxe4 17. Nxe4 dxe4 18. Qf2 O-O 19. c3 Qd7 20. b3 f6 21. Qg3 Kh8 22. Be3 b5 23. axb5 axb5 24. Rc1 Rad8 25. Qg4 f5 26. Qe2 Ba3 27. Rcd1 Qc8 28. Nxb5 Ba6 29. c4 Bxb5 30. cxb5 Qc3 31. b6 Rd3 32. Rxd3 exd3 33. Qa2 Qb4 34. Ra1 Rd8 35. Bd2 Qxb6 36. Qxa3 Qd4 37. Qc1 Kg7 38. Ra4 Qf2 39. h3 Rd7 40. Rc4 Kh6 41. Rc6 Ra7 42. Be3 Qe2 43. Qd2 Ra1+ 44. Kh2 Rd1 45. Qxe2 dxe2 46. Bf2 Rf1 47. Bg3 g5 48. Rc2 gxf4 49. Rxe2 fxg3+ 50. Kxg3 Rb1 51. Re3 Kg5 52. h4+ Kh5 53. Kf4 Rf1+ 54. Rf3 Rd1 55. Rc3 Rd4+ 56. Kf3 Rxh4 57. Rc6 Rb4 58. Rxe6 Kg5 59. Re7 Rxb3+ 60. Kf2 Kg6 61. Re6+ Kg5 62. Re7 h5 63. g3 Rb4 64. Kf3 Re4 65. Rg7+ Kh6 1/2-1/2

[Event "Quebec op"]
[Site "Montreal CAN"]
[Date "2001.07.26"]
[Round "7"]
[White "Smith, Andrew"]
[Black "Plante, Michel"]
[Result "1-0"]
[WhiteElo "1922"]
[BlackElo "1975"]
[PlyCount "45"]
[GameId "2160767911555567"]
[EventDate "2001.07.21"]
[EventType "swiss"]
[EventRounds "9"]
[EventCountry "CAN"]

1. e4 e5 2. Nf3 d6 3. d4 Nf6 4. Bc4 exd4 5. e5 dxe5 6. Nxe5 Be6 7. Bxe6 fxe6 8. c3 Qd5 9. cxd4 Qxg2 10. Qf3 Qxf3 11. Nxf3 Nc6 12. Nc3 O-O-O 13. Be3 Ng4 14. O-O-O Nxe3 15. fxe3 Be7 16. Rhg1 Rhg8 17. h4 h6 18. h5 Rdf8 19. Rdf1 Rf5 20. Ne2 Bd6 21. e4 Rxh5 22. e5 Be7 23. Rg6 1-0

[Event "Quebec op"]
[Site "Montreal CAN"]
[Date "2001.07.26"]
[Round "7"]
[White "St Amand, Paul Jr"]
[Black "Mikanovic, Goran"]
[Result "0-1"]
[WhiteElo "2208"]
[BlackElo "2273"]
[PlyCount "70"]
[GameId "2160767911563760"]
[EventDate "2001.07.21"]
[EventType "swiss"]
[EventRounds "9"]
[EventCountry "CAN"]
[SourceTitle "EXT 2002"]
[Source "ChessBase"]
[SourceDate "2001.11.25"]
[SourceVersion "1"]
[SourceVersionDate "2001.11.25"]
[SourceQuality "1"]

1. e4 c5 2. c3 d5 3. exd5 Qxd5 4. d4 g6 5. Nf3 Bg7 6. Be3 cxd4 7. cxd4 Nf6 8. Nc3 Qa5 9. Bc4 O-O 10. O-O a6 11. a3 b5 12. Ba2 Bb7 13. Qe2 Nbd7 14. Rfd1 Qd8 15. d5 Rc8 16. Rac1 Ne8 17. Bd4 Nd6 18. Bxg7 Kxg7 19. Re1 Re8 20. Ne5 Nf6 21. Ng4 Nxg4 22. Qxg4 Qb6 23. Re5 Rc7 24. Rce1 Bc8 25. Qe2 Bf5 26. g4 Bc8 27. h3 b4 28. axb4 Qxb4 29. Ne4 Nb5 30. Qd2 Qd4 31. Qxd4 Nxd4 32. d6 Nf3+ 33. Kf1 Rd7 34. Nc5 Nxe5 35. Rxe5 Rxd6 0-1

[Event "Quebec op"]
[Site "Montreal CAN"]
[Date "2001.07.26"]
[Round "7"]
[White "Sullivan, Neil"]
[Black "Michaud, Gerald"]
[Result "1-0"]
[WhiteElo "2138"]
[BlackElo "1943"]
[PlyCount "79"]
[GameId "2160767911563761"]
[EventDate "2001.07.21"]
[EventType "swiss"]
[EventRounds "9"]
[EventCountry "CAN"]

1. e4 e6 2. d3 d5 3. Nd2 c5 4. Ngf3 Nc6 5. g3 Bd6 6. Bg2 Nge7 7. O-O O-O 8. c3 f6 9. b3 b5 10. Bb2 Rb8 11. d4 c4 12. Qc2 Bd7 13. Rfe1 Be8 14. Bh3 f5 15. exd5 exd5 16. Ng5 Bd7 17. f4 Rf6 18. Ngf3 Rh6 19. Bg2 Qe8 20. Nf1 Qh5 21. Bc1 Rf8 22. Ne5 Bxe5 23. dxe5 Nd8 24. Ba3 Ndc6 25. Qf2 Qf7 26. Rad1 Be6 27. Qc5 g5 28. fxg5 Rg6 29. Ne3 f4 30. Rf1 Rxg5 31. Rxf4 Qh5 32. Rxf8+ Kxf8 33. Rf1+ Kg7 34. Qd6 Rxe5 35. Nxd5 Re2 36. Nf4 Rxg2+ 37. Kxg2 Bd5+ 38. Kg1 Qf5 39. Nxd5 Qxd5 40. Qf6+ 1-0

[Event "Quebec op"]
[Site "Montreal CAN"]
[Date "2001.07.26"]
[Round "7"]
[White "Turov, Maxim"]
[Black "Linskiy, Oleg"]
[Result "1-0"]
[WhiteElo "2550"]
[BlackElo "2412"]
[PlyCount "141"]
[GameId "2160767911563763"]
[EventDate "2001.07.21"]
[EventType "swiss"]
[EventRounds "9"]
[EventCountry "CAN"]
[SourceTitle "EXT 2002"]
[Source "ChessBase"]
[SourceDate "2001.11.25"]
[SourceVersion "1"]
[SourceVersionDate "2001.11.25"]
[SourceQuality "1"]

1. e4 c5 2. Nf3 e6 3. d3 d5 4. Qe2 Nf6 5. g3 Nc6 6. Bg2 Be7 7. O-O b5 8. e5 Nd7 9. h4 a5 10. Re1 b4 11. Nbd2 Ba6 12. Nf1 c4 13. h5 cxd3 14. cxd3 Nc5 15. Rd1 h6 16. Be3 Nd7 17. N1h2 Ndxe5 18. Nxe5 Nxe5 19. Bd4 Nxd3 20. Rxd3 Bf6 21. Bxf6 Qxf6 22. Bxd5 Bxd3 23. Bc6+ Ke7 24. Qxd3 Rhd8 25. Qe2 Rac8 26. Ba4 Qg5 27. Nf1 Rc5 28. Bd1 Rcd5 29. Kg2 Qe5 30. Qxe5 Rxe5 31. Ne3 Rc5 32. a3 bxa3 33. Rxa3 Rb5 34. b3 Rc8 35. Be2 Rg5 36. f4 Rgc5 37. Nc4 Rb8 38. Rxa5 Rxa5 39. Nxa5 Kd6 40. Nc4+ Kc5 41. Ne5 Rxb3 42. Nxf7 Kd4 43. Bg4 Ke3 44. Bxe6 Rb2+ 45. Kh3 Kf2 46. Ne5 Rb1 47. Bd5 Rb5 48. Be4 Ra5 49. Kg4 Ra3 50. Nd3+ Ke3 51. Kf5 Ra4 52. Bc6 Ra6 53. Ne5 Kf2 54. g4 Kg3 55. g5 Rb6 56. Bd5 Ra6 57. Bc4 Rb6 58. gxh6 gxh6 59. Ke4 Kh4 60. Be2 Rb2 61. Ke3 Rb4 62. Ng6+ Kg3 63. f5 Rb3+ 64. Bd3 Rb6 65. Ke4 Kg4 66. Ke5 Kxh5 67. f6 Rb7 68. Kf5 Rb5+ 69. Ne5 Rb8 70. f7 Rf8 71. Be2+ 1-0

[Event "Quebec op"]
[Site "Montreal CAN"]
[Date "2001.07.27"]
[Round "8"]
[White "Bannon, Eric"]
[Black "Rozentalis, Eduardas"]
[Result "0-1"]
[WhiteElo "2160"]
[BlackElo "2588"]
[PlyCount "56"]
[GameId "2160767911563764"]
[EventDate "2001.07.21"]
[EventType "swiss"]
[EventRounds "9"]
[EventCountry "CAN"]

1. e4 e6 2. Qe2 g6 3. Nf3 Bg7 4. g3 Ne7 5. Bg2 d6 6. d3 c5 7. c3 Nbc6 8. O-O O-O 9. Be3 e5 10. Nh4 f5 11. f4 exf4 12. gxf4 Kh8 13. Nf3 b6 14. e5 Ba6 15. Rd1 dxe5 16. fxe5 Qc7 17. Bf4 Nd5 18. Bg3 f4 19. Bf2 Rad8 20. Bh4 Rde8 21. e6 Ne3 22. Bh3 Nxd1 23. Qxd1 Ne5 24. Nxe5 Qxe5 25. e7 Rxe7 26. Bxe7 Qe3+ 27. Kh1 Bb7+ 28. Bg2 f3 0-1

[Event "Quebec op"]
[Site "Montreal CAN"]
[Date "2001.07.27"]
[Round "8"]
[White "Beaulieu, Eric"]
[Black "Sullivan, Neil"]
[Result "1/2-1/2"]
[WhiteElo "2218"]
[BlackElo "2138"]
[PlyCount "57"]
[GameId "2160767911563765"]
[EventDate "2001.07.21"]
[EventType "swiss"]
[EventRounds "9"]
[EventCountry "CAN"]

1. c4 c5 2. g3 g6 3. Bg2 Bg7 4. Nc3 Nf6 5. Nf3 O-O 6. O-O d5 7. cxd5 Nxd5 8. Nxd5 Qxd5 9. d3 Nc6 10. a3 e5 11. Be3 Qd6 12. Ng5 b6 13. b4 cxb4 14. axb4 Bb7 15. b5 Na5 16. Bxb7 Nxb7 17. Qb3 Qd7 18. Rfc1 h6 19. Ne4 Kh7 20. Nc3 f5 21. Qd5 Qe7 22. Qg2 Na5 23. Nd5 Qd6 24. Rxa5 bxa5 25. Rc6 Qd8 26. Nc7 Rb8 27. Ne6 Qd7 28. Nxf8+ Bxf8 29. b6 1/2-1/2

[Event "Quebec op"]
[Site "Montreal CAN"]
[Date "2001.07.27"]
[Round "8"]
[White "Chabot, Roland"]
[Black "Ouellet-Leveille, Clement"]
[Result "1-0"]
[WhiteElo "2245"]
[BlackElo "1868"]
[PlyCount "75"]
[GameId "2160767911563766"]
[EventDate "2001.07.21"]
[EventType "swiss"]
[EventRounds "9"]
[EventCountry "CAN"]

1. d4 Nf6 2. c4 e6 3. Nc3 Bb4 4. e3 b6 5. Bd3 Bb7 6. Nf3 Ne4 7. O-O f5 8. d5 Nxc3 9. bxc3 Bxc3 10. Rb1 Na6 11. Ba3 c5 12. dxc6 Bxc6 13. Nd4 Bxd4 14. exd4 Nc7 15. Qh5+ g6 16. Qh6 Kf7 17. d5 Nxd5 18. cxd5 Bxd5 19. Bb2 Qf8 20. Qh3 h5 21. Bxh8 Qxh8 22. Rbc1 Rc8 23. Ba6 Rc6 24. Rxc6 Bxc6 25. Qe3 Qf6 26. f4 Qb2 27. Rf2 Qa1+ 28. Bf1 Bb5 29. Qe5 Qxe5 30. fxe5 Bc6 31. h4 Ke7 32. Rd2 Bd5 33. Kf2 Be4 34. Ke3 Bc6 35. g3 Kf7 36. Bg2 Ba4 37. Rd4 Bb5 38. a4 1-0

[Event "Quebec op"]
[Site "Montreal CAN"]
[Date "2001.07.27"]
[Round "8"]
[White "Fillion, Steve"]
[Black "Hua, Lefong"]
[Result "1/2-1/2"]
[WhiteElo "2151"]
[BlackElo "2267"]
[PlyCount "108"]
[GameId "2160767911563768"]
[EventDate "2001.07.21"]
[EventType "swiss"]
[EventRounds "9"]
[EventCountry "CAN"]
[SourceTitle "EXT 2002"]
[Source "ChessBase"]
[SourceDate "2001.11.25"]
[SourceVersion "1"]
[SourceVersionDate "2001.11.25"]
[SourceQuality "1"]

1. e4 c5 2. Nc3 Nc6 3. g3 g6 4. Bg2 Bg7 5. Nge2 d6 6. O-O e6 7. d3 Nge7 8. Be3 Nd4 9. Qd2 O-O 10. Nd1 Rb8 11. c3 Nxe2+ 12. Qxe2 b6 13. f4 d5 14. e5 Ba6 15. Nf2 h5 16. Rfd1 Nf5 17. Bd2 Qd7 18. Qf3 b5 19. a3 Bb7 20. Qe2 a5 21. Bc1 Rfc8 22. Re1 b4 23. Nd1 bxc3 24. bxc3 Ba6 25. Qc2 c4 26. d4 Rb3 27. Qf2 Bf8 28. h3 Be7 29. Rf1 Qa7 30. g4 hxg4 31. hxg4 Bh4 32. Qd2 Ng3 33. Rf3 Ne4 34. Qc2 Be1 35. Bb2 Rcb8 36. Ra2 Qe7 37. Rh3 Nd2 38. Bc1 Nb1 39. f5 Nxc3 40. Nxc3 Qa7 41. Ne2 Rxh3 42. Bxh3 c3 43. fxg6 Bc4 44. Ra1 Kg7 45. gxf7 Qxf7 46. Nf4 Rb2 47. Qd1 Bf2+ 48. Kh1 Be2 49. Qa4 Bf3+ 50. Bg2 Bxg4 51. Qxa5 Rc2 52. Qd8 Rxc1+ 53. Rxc1 Qxf4 54. Qe7+ Kg8 1/2-1/2

[Event "Quebec op"]
[Site "Montreal CAN"]
[Date "2001.07.27"]
[Round "8"]
[White "Gilman, Arkadiy"]
[Black "Lemieux, Serge"]
[Result "1-0"]
[WhiteElo "2115"]
[BlackElo "1503"]
[PlyCount "49"]
[GameId "2160767911563770"]
[EventDate "2001.07.21"]
[EventType "swiss"]
[EventRounds "9"]
[EventCountry "CAN"]

1. d4 d6 2. Nf3 Nf6 3. c4 g6 4. Nc3 Bg7 5. e4 O-O 6. Be2 Nc6 7. d5 Ne5 8. Nxe5 dxe5 9. O-O b6 10. Be3 Bb7 11. b4 a5 12. a3 Nd7 13. Qb3 Kh8 14. Rfd1 axb4 15. axb4 Rxa1 16. Rxa1 c6 17. Ra7 cxd5 18. exd5 Qb8 19. Qa3 Rc8 20. c5 bxc5 21. bxc5 e4 22. c6 Bxc3 23. Rxb7 Qe5 24. Rxd7 Rb8 25. Qxe7 1-0